Τεχνητή νοημοσύνη
Αποθηκεύτηκε σε:
| Κύριοι συγγραφείς: | , |
|---|---|
| Μορφή: | Βιβλίο |
| Γλώσσα: | Greek |
| Δημοσίευση: |
Θεσσαλονίκη :
Εκδόσεις Πανεπιστημίου Μακεδονίας,
2020.
|
| Έκδοση: | 4η έκδ. |
| Θέματα: | |
| Ετικέτες: |
Προσθήκη ετικέτας
Δεν υπάρχουν, Καταχωρήστε ετικέτα πρώτοι!
|
MARC
| LEADER | 00000cam a2200000 i 4500 | ||
|---|---|---|---|
| 001 | 1/122432 | ||
| 008 | 210111t2020####gr | ||| |||| ||gre|| | ||
| 020 | |a 9789608396647 | ||
| 035 | |l 10113028 | ||
| 040 | |a GR-MyUA |b gre |e AACR2 | ||
| 041 | 0 | |a gre | |
| 082 | 7 | |a 006.3 |2 (22) | |
| 245 | 0 | 0 | |a Τεχνητή νοημοσύνη / |c Ιωάννης Βλαχάβας... [κ. ά.]. |
| 250 | |a 4η έκδ. | ||
| 260 | |a Θεσσαλονίκη : |b Εκδόσεις Πανεπιστημίου Μακεδονίας, |c 2020. | ||
| 300 | |a xxi, 973 σ. : |b εικ. ; |c 24 εκ. | ||
| 504 | |a Βιβλιογραφία: σ. 938-940. Περιέχει ευρετήριο | ||
| 650 | 0 | |a Artificial intelligence. | |
| 700 | 1 | |a Βλαχάβας, Ιωάννης Π., |d 1958- |e aut | |
| 700 | 1 | |a Κεφαλάς, Πέτρος Σ. |e aut | |
| 852 | |a INST |b SAMOS |c EUDOXUS |e 20210111 |h 006.3 ΤΕΧ |p 005300046686 |q 005300046686 |t EDX |y 0 | ||
| 852 | |a INST |b SAMOS |c EUDOXUS |e 20210111 |h 006.3 ΤΕΧ |p 005300046689 |q 005300046689 |t EDX |y 0 | ||
| 920 | |a Εύδοξος |b Παραγγελία |y Σάμος-ΤΜΠΕΣ |z 2020-12 | ||
| 970 | |a Φιλιππή |b Φάλη |z 11-01-2021 | ||